Numerical methods /
Guardado en:
| Autor Principal: | |
|---|---|
| Otros Autores: | |
| Formato: | Libro |
| Idioma: | English Swedish |
| Publicado: |
Englewood Cliffs, N.J. :
Prentice-Hall,
c1974.
|
| Series: | Prentice-Hall series in automatic computation
|
| Materias: | |
| Etiquetas: |
Agregar Etiqueta
Sin Etiquetas, Sea el primero en etiquetar este registro!
|
| LEADER | 01687cam a2200313 a 4500 | ||
|---|---|---|---|
| 001 | MAT.inmabb003032 | ||
| 008 | 730806s1974####njua#####b####001#0#eng## | ||
| 005 | 20130318120911.0 | ||
| 245 | 1 | 0 | |a Numerical methods / |c Germund Dahlquist, Åke Björck ; translated by Ned Anderson. |
| 260 | |a Englewood Cliffs, N.J. : |b Prentice-Hall, |c c1974. | ||
| 300 | |a xviii, 573 p. : |b il. ; |c 24 cm. | ||
| 440 | 0 | |a Prentice-Hall series in automatic computation | |
| 500 | |a "An extended and updated translation of": Numeriska metoder / by Å. Björck and G. Dahlquist. Lund, Suecia : Gleerup, 1969. | ||
| 504 | |a "Bibliography and published algorithms": p. 536-562. | ||
| 505 | 8 | |a Capítulos: 1. Some general principles of numerical calculation -- 2. How to obtain and estimate accuracy in numerical calculations -- 3. Numerical uses of series -- 4. Approximation of functions -- 5. Numerical linear algebra -- 6. Nonlinear equations -- 7. Finite differences with applications to numerical integration, differentiation and interpolation -- 8. Differential equations -- 9. Fourier methods -- 10. Optimization -- 11. The Monte Carlo method and simulation. | |
| 510 | 4 | |a MR, |c 51 #4620 | |
| 020 | |a 0136273157 | ||
| 100 | 1 | |a Dahlquist, Germund. | |
| 700 | 1 | |a Björck, Åke, |d 1934- | |
| 700 | 1 | |a Björck, Åke, |d 1934- |t Numeriska metoder. | |
| 650 | 0 | |a Numerical analysis |x Data processing. | |
| 084 | |a 65-02 |2 msc2000 | ||
| 010 | |a 73013570 | ||
| 040 | |a DLC |c DLC |d DLC | ||
| 041 | 1 | |a eng |h swe | |
| 859 | |h 65 |i D131 |p A-5785 |b BIB. MATEMATICA | ||
| 859 | |h 65 |i D131 |p A-6402 |t Ej. 2 |b BIB. MATEMATICA | ||
| 859 | |h 65 |i D131 |p A-6676 |t Ej. 3 |b BIB. MATEMATICA | ||
| 859 | |h 65 |i D131 |p A-6677 |t Ej. 4 |b BIB. MATEMATICA | ||
